{"text_format":"3","workbook":"xlsx","n_sheets":4,"sheets":["PLAN. ORÇ.","CRONOG.","MEM. DESC.","MEM. CALC"],"not_rendered":{"defined_names":1},"read":"whole","date_system":"1900"}

{"sheet":"PLAN. ORÇ.","index":0,"n_rows":168,"n_cols":11,"rows_kept":168,"merged":[[0,3,0,10],[1,3,1,10],[2,3,2,10],[4,2,4,10],[6,2,6,10],[7,3,7,10],[8,2,8,10],[9,3,9,10],[10,2,10,10],[12,3,12,5],[13,3,13,10],[160,6,160,8],[161,2,161,10],[162,2,162,10]]}
[{"$nulls":3},"PREFEITURA MUNICIPAL DE VILA VALÉRIO"]
[{"$nulls":3},"ESTADO DO ESPÍRITO SANTO"]
[]
[]
[null,null,"OBRA: CAPEAMENTO ASFÁLTICO - BAIRROS DA SEDE"]
[]
[null,null,"LOCAL: TRECHOS - 01 BOA VISTA - 02 RAFAEL THOMAS - 03 CONDEVA      "]
[{"$nulls":3},"    "]
[null,null,"TABELA DO DER-ES – JANEIRO DE 2022 SEM DESONERAÇÃO - BDI=23,32%"]
[{"$nulls":3}," "]
[null,null,"SISTEMA DE CUSTOS REFERENCIAIS DE OBRAS – SICRO – ES – JULHO DE 2022"]
[]
[]
[{"$nulls":3},"PLANILHA ORÇAMENTÁRIA"]
[]
[null,null,"ITEM","CÓDIGO","REF","DISCRIMINAÇÃO","UNID.","QUANT.","R$ UNIT.","UNIT C/ BDI","R$ TOTAL"]
[null,null,1,null,null,"ADMINISTRAÇÃO DA OBRA",{"$nulls":4},{"v":153578.28,"d":" 153,578.28 "}]
[null,null,"1.1","COMP 01","SICRO","Administração da obra","UD",{"v":1,"d":" 1.00 "},{"v":124536.4,"d":"124,536.40"},{"v":153578.28,"d":"153,578.28"},{"v":153578.28,"d":" 153,578.28 "}]
[{"$nulls":5},"Sub total",{"$nulls":4},{"v":153578.28,"d":" 153,578.28 "}]
[]
[null,null,2,null,null,"CANTEIRO DE OBRA",{"$nulls":4},{"v":52291.91,"d":" 52,291.91 "}]
[null,null,"2.1",41500,"DER/ES","Placa de obra nas dimensões de 3,0 x 6,0 m, padrão DER-ES","M2",{"v":18,"d":" 18.00 "},332.18,null,{"v":5979.24,"d":" 5,979.24 "}]
[null,null,"2.2",41578,"DER/ES","Aluguel de container p/ escritório c/ ar condicionado e banheiro, isolam.térmico e acústico, 2 luminárias, janela de vidro tomada p/ computador e telefone","Mês",{"v":6,"d":" 6.00 "},1294.86,null,{"v":7769.16,"d":" 7,769.16 "}]
[null,null,"2.3",41579,"DER/ES","Aluguel de container para almoxarifado","Mês",{"v":6,"d":" 6.00 "},875.57,null,{"v":5253.42,"d":" 5,253.42 "}]
[null,null,"2.4",41496,"DER/ES","Mobilização e desmobilização de container de 51 km até 150 km","Ud",{"v":2,"d":" 2.00 "},1726.48,null,{"v":3452.96,"d":" 3,452.96 "}]
[null,null,"2.5",41544,"DER/ES","Mobilização e desmobilização de equipamentos com carreta prancha (máximo)","H",{"v":48,"d":" 48.00 "},599.66,null,{"v":28783.68,"d":" 28,783.68 "}]
[null,null,"2.6",101973,"DER/ES","Ensaio de estabilidade de concreto asfáltico","UD",{"v":3,"d":" 3.00 "},351.15,null,{"v":1053.45,"d":" 1,053.45 "}]
[{"$nulls":5},"Sub total",{"$nulls":4},{"v":52291.91,"d":" 52,291.91 "}]
[]
[null,null,3,null,null,"TRECHO 01 - BOA VISTA",{"$nulls":4},{"v":1680316.981576,"d":" 1,680,316.98 "}]
[null,null,"3.1",null,null,"PRIMEIRA CAMADA - SERVIÇOS"]
[null,null,"3.1.2",4011353,"SICRO","Pintura de ligação","M2",{"v":12454,"d":" 12,454.00 "},{"v":0.29,"d":" 0.29 "},{"v":0.36,"d":" 0.36 "},{"v":4483.44,"d":" 4,483.44 "}]
[null,null,"3.1.2",4011463,"SICRO","Concreto asfáltico -  faixa C - areia e brita comerciais","T",{"v":896.69,"d":" 896.69 "},{"v":195.18,"d":" 195.18 "},{"v":240.69,"d":" 240.69 "},{"v":215824.3161,"d":" 215,824.32 "}]
[null,null,"3.1.3",100849,"DER/ES","Transporte de materiais asfaáltico (DNIT), inclusive BDI diferenciado (0,602XP + 0,713XR + 64,306) CAP - 50/70","T",{"v":52.31,"d":" 52.31 "},{"v":424.9,"d":" 424.90 "},null,{"v":22226.519,"d":" 22,226.52 "}]
[{"$nulls":5},"SUB TOTAL",{"$nulls":4},{"v":242534.2751,"d":" 242,534.28 "}]
[]
[null,null,"3.1.1",null,null,"FORNECIMENTO E TRANSPORTE DE MATERIAL BETUMINOSO NA PRIMEIRA CAMADA"]
[null,null,"3.1.1.1",41360,"DER/ES","CAP-50/70, fornecimento","T",{"v":52.31,"d":" 52.31 "},{"v":4776.46,"d":" 4,776.46 "},null,{"v":249856.6226,"d":" 249,856.62 "}]
[null,null,"3.1.1.2",40978,"DER/ES","Emulsão RR-1C FLEX (Emulflex RR-1C-E,) fornecimento","T",{"v":4.98,"d":" 4.98 "},{"v":4653.13,"d":" 4,653.13 "},null,{"v":23172.5874,"d":" 23,172.59 "}]
[null,null,"3.1.1.3",40972,"DER/ES","Bonificação de 15,28% sobre Materiais Betuminosos","%",{"v":273029.21,"d":" 273,029.21 "},{"v":0.1528,"d":" 0.1528 "},null,{"v":41718.863288,"d":" 41,718.86 "}]
[null,null,"3.1.1.4",60006,"DER/ES","TR-301-00 (Massa Asfáltica) (1,618XP + 1,680XR + 12.448)","T",{"v":896.69,"d":" 896.69 "},{"v":255.14,"d":" 255.14 "},null,{"v":228781.4866,"d":" 228,781.49 "}]
[null,null,"3.1.1.5",100849,"DER/ES","Transporte de material asfaltico (DNIT), inclusive BDI diferenciado (0,602XP + 0,713XR + 64,306) RR 1C-E","T",{"v":4.98,"d":" 4.98 "},{"v":321.96,"d":" 321.96 "},null,{"v":1603.3608,"d":" 1,603.36 "}]
[{"$nulls":5},"SUB TOTAL",{"$nulls":4},{"v":545132.920688,"d":" 545,132.92 "}]
[]
[null,null,"3.2",null,null,"SEGUNDA CAMADA - SERVIÇOS"]
[null,null,"3.2.1",4011353,"SICRO","Pintura de ligação","M2",{"v":12454,"d":" 12,454.00 "},{"v":0.29,"d":" 0.29 "},{"v":0.36,"d":" 0.36 "},{"v":4483.44,"d":" 4,483.44 "}]
[null,null,"3.2.2",4011463,"SICRO","Concreto asfáltico -  faixa C - areia e brita comerciais","T",{"v":896.69,"d":" 896.69 "},{"v":195.18,"d":" 195.18 "},{"v":240.69,"d":" 240.69 "},{"v":215824.3161,"d":" 215,824.32 "}]
[null,null,"3.2.3",100849,"DER/ES","Transporte de materiais asfaáltico (DNIT), inclusive BDI diferenciado (0,602XP + 0,713XR + 64,306) CAP - 50/70","T",{"v":52.31,"d":" 52.31 "},{"v":424.9,"d":" 424.90 "},null,{"v":22226.519,"d":" 22,226.52 "}]
[{"$nulls":5},"SUB TOTAL",{"$nulls":4},{"v":242534.2751,"d":" 242,534.28 "}]
[]
[null,null,"3.2.1",null,null,"FORNECIMENTO E TRANSPORTE DE MATERIAL BETUMINOSO NA SEGUNDA CAMADA"]
[null,null,"3.2.1.1",41360,"DER/ES","CAP-50/70, fornecimento","T",{"v":52.31,"d":" 52.31 "},{"v":4776.46,"d":" 4,776.46 "},null,{"v":249856.6226,"d":" 249,856.62 "}]
[null,null,"3.2.1.2",40978,"DER/ES","Emulsão RR-1C FLEX (Emulflex RR-1C-E,) fornecimento","T",{"v":4.98,"d":" 4.98 "},{"v":4653.13,"d":" 4,653.13 "},null,{"v":23172.5874,"d":" 23,172.59 "}]
[null,null,"3.2.1.3",40972,"DER/ES","Bonificação de 15,28% sobre Materiais Betuminosos","%",{"v":273029.21,"d":" 273,029.21 "},{"v":0.1528,"d":" 0.1528 "},null,{"v":41718.863288,"d":" 41,718.86 "}]
[null,null,"3.2.1.4",100849,"DER/ES","Transporte de material asfaltico (DNIT), inclusive BDI diferenciado (0,413XP + 0,488XR + 44.119) CM-30","T",{"v":896.69,"d":" 896.69 "},{"v":220.88,"d":" 220.88 "},null,{"v":198060.8872,"d":" 198,060.89 "}]
[null,null,"3.2.1.4",60006,"DER/ES","TR-301-00 (Massa Asfáltica) (1,618XP + 1,680XR + 12.448)","T",{"v":896.69,"d":" 896.69 "},{"v":255.14,"d":" 255.14 "},null,{"v":228781.4866,"d":" 228,781.49 "}]
[null,null,"3.2.1.5",100849,"DER/ES","Transporte de material asfaltico (DNIT), inclusive BDI diferenciado (0,602XP + 0,713XR + 64,306) RR 1C-E","T",{"v":4.98,"d":" 4.98 "},{"v":321.96,"d":" 321.96 "},null,{"v":1603.3608,"d":" 1,603.36 "}]
[{"$nulls":5},"SUB TOTAL",{"$nulls":4},{"v":545132.920688,"d":" 545,132.92 "}]
[]
[null,null,"3.3",null,null,"SERVIÇOS COMPLEMENTARES"]
[null,null,"3.3.1",40895,"DER/ES","Meio fio (remoção e reassentamento), inclusive caiação","M",{"v":55,"d":" 55.00 "},{"v":67.49,"d":" 67.49 "},null,{"v":3711.95,"d":" 3,711.95 "}]
[null,null,"3.3.2",42504,"DER/ES","Remoção e reassentamento de blocos de concreto, inclusive perdas em Vias Urbana","M2",{"v":320,"d":" 320.00 "},{"v":73.44,"d":" 73.44 "},null,{"v":23500.8,"d":" 23,500.80 "}]
[null,null,"3.3.3",40258,"DER/ES","Escavação  manual em mat. 1ª cat.H=0,00 a 1,50 m","M3",{"v":2,"d":" 2.00 "},{"v":79.14,"d":" 79.14 "},null,{"v":158.28,"d":" 158.28 "}]
[null,null,"3.3.4",5501912,"SICRO","Escavação car transporte de material 1ª categoria - DMT de 2.500 a 3.000 m - caminho de serviço em revestimento primario com carregadeira e caminhão caçamba 14 m3","M3",{"v":34,"d":" 34.00 "},{"v":12.58,"d":" 12.58 "},{"v":15.51,"d":" 15.51 "},{"v":527.34,"d":" 527.34 "}]
[null,null,"3.3.5",40781,"DER/ES","Base solo brita, 50% em peso, inclusive fornecimento e transporte da brita","M3",{"v":34,"d":" 34.00 "},{"v":95.77,"d":" 95.77 "},null,{"v":3256.18,"d":" 3,256.18 "}]
[null,null,"3.3.6",43349,"DER/ES","Compactação de aterros 100% PI em Vias Urbanas","M3",{"v":34,"d":" 34.00 "},{"v":11.13,"d":" 11.13 "},null,{"v":378.42,"d":" 378.42 "}]
[null,null,"3.3.7",40092,"DER/ES","Reparo de caixa coletora (caixas ralo e caixas boca de lobo)","Ud",{"v":13,"d":" 13.00 "},{"v":400.14,"d":" 400.14 "},null,{"v":5201.82,"d":" 5,201.82 "}]
[null,null,"3.3.8",42047,"DER/ES","Elementos de madeira para sinalização - cavaletes","Ud",{"v":6,"d":" 6.00 "},{"v":42.49,"d":" 42.49 "},null,{"v":254.94,"d":" 254.94 "}]
[null,null,"3.3.9",43038,"DER/ES","Pescoço de poço de visita H=0,30m, diâm. = 0,60 m, fornecimento, assentamento e transporte em vias urbanas (levantamento de pocos de visita)","Ud",{"v":38,"d":" 38.00 "},{"v":139.32,"d":" 139.32 "},null,{"v":5294.16,"d":" 5,294.16 "}]
[null,null,"3.3.10",102069,"DER/ES","Limpesa em superficie de concreto com jateamento dágua sob pressão","M2",{"v":12454,"d":" 12,454.00 "},{"v":5.03,"d":" 5.03 "},null,{"v":62643.62,"d":" 62,643.62 "}]
[null,null,"3.3.11",4413942,"SICRO","Espalhamento de material","M3",{"v":34,"d":" 34.00 "},{"v":1.62,"d":" 1.62 "},{"v":1.99,"d":" 1.99 "},{"v":55.08,"d":" 55.08 "}]
[{"$nulls":5},"SUB TOTAL",{"$nulls":4},{"v":104982.59,"d":" 104,982.59 "}]
[]
[null,null,4,null,null,"TRECHO 02 - RAFAEL THOMAS",{"$nulls":4},{"v":522588.94582736,"d":" 522,588.95 "}]
[null,null,"4.1",null,null,"PRIMEIRA CAMADA - SERVIÇOS"]
[null,null,"4.1.1",4011353,"SICRO","Pintura de ligação","M2",{"v":3815,"d":" 3,815.00 "},{"v":0.29,"d":" 0.29 "},{"v":0.36,"d":" 0.36 "},{"v":1373.4,"d":" 1,373.40 "}]
[null,null,"4.1.2",4011463,"SICRO","Concreto asfáltico -  faixa C - areia e brita comerciais","T",{"v":274.68,"d":" 274.68 "},{"v":195.18,"d":" 195.18 "},{"v":240.69,"d":" 240.69 "},{"v":66112.7292,"d":" 66,112.73 "}]
[null,null,"4.1.3",100849,"DER/ES","Transporte de materiais asfaáltico (DNIT), inclusive BDI diferenciado (0,602XP + 0,713XR + 64,306) CAP - 50/70","T",{"v":16.02,"d":" 16.02 "},{"v":424.9,"d":" 424.90 "},null,{"v":6806.898,"d":" 6,806.90 "}]
[{"$nulls":5},"SUB TOTAL",{"$nulls":4},{"v":74293.0272,"d":" 74,293.03 "}]
[]
[null,null,"4.1.1",null,null,"FORNECIMENTO E TRANSPORTE DE MATERIAL BETUMINOSO NA PRIMEIRA CAMADA"]
[null,null,"4.1.1.1",41360,"DER/ES","CAP-50/70, fornecimento","T",{"v":16.02,"d":" 16.02 "},{"v":4776.46,"d":" 4,776.46 "},null,{"v":76518.8892,"d":" 76,518.89 "}]
[null,null,"4.1.1.2",40978,"DER/ES","Emulsão RR-1C FLEX (Emulflex RR-1C-E,) fornecimento","T",{"v":1.53,"d":" 1.53 "},{"v":4653.13,"d":" 4,653.13 "},null,{"v":7119.2889,"d":" 7,119.29 "}]
[null,null,"4.1.1.3",40972,"DER/ES","Bonificação de 15,28% sobre Materiais Betuminosos","%",{"v":83638.1781,"d":" 83,638.18 "},{"v":0.1528,"d":" 0.1528 "},null,{"v":12779.91361368,"d":" 12,779.91 "}]
[null,null,"4.1.1.4",60006,"DER/ES","TR-301-00 (Massa Asfáltica) (1,618XP + 1,680XX + 12.448)","T",{"v":274.68,"d":" 274.68 "},{"v":255.14,"d":" 255.14 "},null,{"v":70081.8552,"d":" 70,081.86 "}]
[null,null,"4.1.1.5",100849,"DER/ES","Transporte de material asfaltico (DNIT), inclusive BDI diferenciado (0,602XP + 0,713XR + 64,306) RR 1C-E","T",{"v":1.53,"d":" 1.53 "},{"v":321.96,"d":" 321.96 "},null,{"v":492.5988,"d":" 492.60 "}]
[{"$nulls":5},"SUB TOTAL",{"$nulls":4},{"v":166992.54571368,"d":" 166,992.55 "}]
[]
[null,null,"4.2",null,null,"SEGUNDA CAMADA - SERVIÇOS"]
[null,null,"4.2.1",4011353,"SICRO","Pintura de ligação","M2",{"v":3815,"d":" 3,815.00 "},{"v":0.29,"d":" 0.29 "},{"v":0.36,"d":" 0.36 "},{"v":1373.4,"d":" 1,373.40 "}]
[null,null,"4.2.2",4011463,"SICRO","Concreto asfáltico -  faixa C - areia e brita comerciais","T",{"v":274.68,"d":" 274.68 "},{"v":195.18,"d":" 195.18 "},{"v":240.69,"d":" 240.69 "},{"v":66112.7292,"d":" 66,112.73 "}]
[null,null,"4.2.3",100849,"DER/ES","Transporte de materiais asfaáltico (DNIT), inclusive BDI diferenciado (0,602XP + 0,713XR + 64,306) CAP - 50/70","T",{"v":16.02,"d":" 16.02 "},{"v":424.9,"d":" 424.90 "},null,{"v":6806.898,"d":" 6,806.90 "}]
[{"$nulls":5},"SUB TOTAL",{"$nulls":4},{"v":74293.0272,"d":" 74,293.03 "}]
[]
[null,null,"4.2.1",null,null,"FORNECIMENTO E TRANSPORTE DE MATERIAL BETUMINOSO NA SEGUNDA CAMADA"]
[null,null,"4.2.1.1",41360,"DER/ES","CAP-50/70, fornecimento","T",{"v":16.02,"d":" 16.02 "},{"v":4776.46,"d":" 4,776.46 "},null,{"v":76518.8892,"d":" 76,518.89 "}]
[null,null,"4.2.1.2",40978,"DER/ES","Emulsão RR-1C FLEX (Emulflex RR-1C-E,) fornecimento","T",{"v":1.53,"d":" 1.53 "},{"v":4653.13,"d":" 4,653.13 "},null,{"v":7119.2889,"d":" 7,119.29 "}]
[null,null,"4.2.1.3",40972,"DER/ES","Bonificação de 15,28% sobre Materiais Betuminosos","%",{"v":83638.1781,"d":" 83,638.18 "},{"v":0.1528,"d":" 0.1528 "},null,{"v":12779.91361368,"d":" 12,779.91 "}]
[null,null,"4.2.1.4",60006,"DER/ES","TR-301-00 (Massa Asfáltica) (1,618XP + 1,680XX + 12.448)","T",{"v":274.68,"d":" 274.68 "},{"v":255.14,"d":" 255.14 "},null,{"v":70081.8552,"d":" 70,081.86 "}]
[null,null,"4.2.1.5",100849,"DER/ES","Transporte de material asfaltico (DNIT), inclusive BDI diferenciado (0,602XP + 0,713XR + 64,306) RR 1C-E","T",{"v":1.53,"d":" 1.53 "},{"v":321.96,"d":" 321.96 "},null,{"v":492.5988,"d":" 492.60 "}]
[{"$nulls":5},"SUB TOTAL",{"$nulls":4},{"v":166992.54571368,"d":" 166,992.55 "}]
[]
[null,null,"4.3",null,null,"SERVIÇOS COMPLEMENTARES"]
[null,null,"4.3.1",40895,"DER/ES","Meio fio (remoção e reassentamento), inclusive caiação","M",{"v":30,"d":" 30.00 "},{"v":67.49,"d":" 67.49 "},null,{"v":2024.7,"d":" 2,024.70 "}]
[null,null,"4.3.2",42504,"DER/ES","Remoção e reassentamento de blocos de concreto, inclusive perdas em Vias Urbana","M",{"v":120,"d":" 120.00 "},{"v":73.44,"d":" 73.44 "},null,{"v":8812.8,"d":" 8,812.80 "}]
[null,null,"4.3.3",40258,"DER/ES","Escavação manual em mat. 1ª cat. H= 0,00 a 1,50 m","M3",{"v":2.5,"d":" 2.50 "},{"v":79.14,"d":" 79.14 "},null,{"v":197.85,"d":" 197.85 "}]
[null,null,"4.3.4",5501912,"SICRO","Escavação car transporte de material 1ª categoria - DMT de 2.500 a 3.000 m - caminho de serviço em revestimento primario com carregadeira e caminhão caçamba 14 m3","M3",{"v":34,"d":" 34.00 "},{"v":12.58,"d":" 12.58 "},{"v":15.51,"d":" 15.51 "},{"v":527.34,"d":" 527.34 "}]
[null,null,"4.3.5",40781,"DER/ES","Base solo brita, 50% em peso, inclusive fornecimento e transporte da brita","M3",{"v":48,"d":" 48.00 "},{"v":95.77,"d":" 95.77 "},null,{"v":4596.96,"d":" 4,596.96 "}]
[null,null,"4.3.6",43349,"DER/ES","Compactação de aterros 100% PI em Vias Urbanas","M3",{"v":48,"d":" 48.00 "},{"v":11.13,"d":" 11.13 "},null,{"v":534.24,"d":" 534.24 "}]
[null,null,"4.3.7",40092,"DER/ES","Reparo de caixa coletora (caixas ralo e caixas boca de lobo)","Ud",{"v":5,"d":" 5.00 "},{"v":400.14,"d":" 400.14 "},null,{"v":2000.7,"d":" 2,000.70 "}]
[null,null,"4.3.8",42047,"DER/ES","Elementos de madeira para sinalização - cavaletes","Ud",{"v":6,"d":" 6.00 "},{"v":42.49,"d":" 42.49 "},null,{"v":254.94,"d":" 254.94 "}]
[null,null,"4.3.9",43038,"DER/ES","Pescoço de poço de visita H=0,30m, diâm. = 0,60 m, fornecimento, assentamento e transporte em vias urbanas (levantamento de pocos de visita)","Ud",{"v":13,"d":" 13.00 "},{"v":139.32,"d":" 139.32 "},null,{"v":1811.16,"d":" 1,811.16 "}]
[null,null,"4.3.10",102069,"DER/ES","Limpesa em superficie de concreto com jateamento dágua sob pressão","M2",{"v":3815,"d":" 3,815.00 "},{"v":5.03,"d":" 5.03 "},null,{"v":19189.45,"d":" 19,189.45 "}]
[null,null,"4.3.11",4413942,"SICRO","Espalhamento de material","M3",{"v":34,"d":" 34.00 "},{"v":1.62,"d":" 1.62 "},{"v":1.99,"d":" 1.99 "},{"v":67.66,"d":" 67.66 "}]
[{"$nulls":5},"SUB TOTAL",{"$nulls":4},{"v":40017.8,"d":" 40,017.80 "}]
[]
[null,null,5,null,null,"TRECHO 03 - CONDEVA",{"$nulls":4},{"v":675989.87684128,"d":" 675,989.88 "}]
[null,null,"5.1",null,null,"PRIMEIRA CAMADA - SERVIÇOS"]
[null,null,"5.1.1",4011353,"SICRO","Pintura de ligação","M2",{"v":5053,"d":" 5,053.00 "},{"v":0.29,"d":" 0.29 "},{"v":0.36,"d":" 0.36 "},{"v":1819.08,"d":" 1,819.08 "}]
[null,null,"5.1.2",4011463,"SICRO","Concreto asfáltico -  faixa C - areia e brita comerciais","T",{"v":363.82,"d":" 363.82 "},{"v":195.18,"d":" 195.18 "},{"v":240.69,"d":" 240.69 "},{"v":87567.8358,"d":" 87,567.84 "}]
[null,null,"5.1.3",100849,"DER/ES","Transporte de materiais asfaáltico (DNIT), inclusive BDI diferenciado (0,602XP + 0,713XR + 64,306) CAP - 50/70","T",{"v":21.22,"d":" 21.22 "},{"v":424.9,"d":" 424.90 "},null,{"v":9016.378,"d":" 9,016.38 "}]
[{"$nulls":5},"SUB TOTAL",{"$nulls":4},{"v":98403.2938,"d":" 98,403.29 "}]
[]
[null,null,"5.1.1",null,null,"FORNECIMENTO E TRANSPORTE DE MATERIAL BETUMINOSO NA PRIMEIRA CAMADA"]
[null,null,"5.1.1.1",41360,"DER/ES","CAP-50/70, fornecimento","T",{"v":21.22,"d":" 21.22 "},{"v":4776.46,"d":" 4,776.46 "},null,{"v":101356.4812,"d":" 101,356.48 "}]
[null,null,"5.1.1.2",40978,"DER/ES","Emulsão RR-1C FLEX (Emulflex RR-1C-E,) fornecimento","T",{"v":2.02,"d":" 2.02 "},{"v":4653.13,"d":" 4,653.13 "},null,{"v":9399.3226,"d":" 9,399.32 "}]
[null,null,"5.1.1.3",40972,"DER/ES","Bonificação de 15,28% sobre Materiais Betuminosos","%",{"v":110755.8038,"d":" 110,755.80 "},{"v":0.1528,"d":" 0.1528 "},null,{"v":16923.48682064,"d":" 16,923.49 "}]
[null,null,"5.1.1.4",60006,"DER/ES","TR-301-00 (Massa Asfáltica) (1,618XP + 1,680XR + 12.448)","T",{"v":363.82,"d":" 363.82 "},{"v":255.14,"d":" 255.14 "},null,{"v":92825.0348,"d":" 92,825.03 "}]
[null,null,"5.1.1.5",100849,"DER/ES","Transporte de material asfaltico (DNIT), inclusive BDI diferenciado (0,602XP + 0,713XR + 64,306) RR 1C-E","T",{"v":2.02,"d":" 2.02 "},{"v":321.96,"d":" 321.96 "},null,{"v":650.3592,"d":" 650.36 "}]
[{"$nulls":5},"SUB TOTAL",{"$nulls":4},{"v":221154.68462064,"d":" 221,154.68 "}]
[]
[null,null,"5.2",null,null,"SEGUNDA CAMADA - SERVIÇOS"]
[null,null,"5.2.1",4011353,"SICRO","Pintura de ligação","M2",{"v":5053,"d":" 5,053.00 "},{"v":0.29,"d":" 0.29 "},{"v":0.36,"d":" 0.36 "},{"v":1819.08,"d":" 1,819.08 "}]
[null,null,"5.2.2",4011463,"SICRO","Concreto asfáltico -  faixa C - areia e brita comerciais","T",{"v":363.82,"d":" 363.82 "},{"v":195.18,"d":" 195.18 "},{"v":240.69,"d":" 240.69 "},{"v":87567.8358,"d":" 87,567.84 "}]
[null,null,"5.2.3",100849,"DER/ES","Transporte de materiais asfaáltico (DNIT), inclusive BDI diferenciado (0,602XP + 0,713XR + 64,306) CAP - 50/70","T",{"v":21.22,"d":" 21.22 "},{"v":424.9,"d":" 424.90 "},null,{"v":9016.378,"d":" 9,016.38 "}]
[{"$nulls":5},"SUB TOTAL",{"$nulls":4},{"v":98403.2938,"d":" 98,403.29 "}]
[]
[null,null,"5.2.1",null,null,"FORNECIMENTO E TRANSPORTE DE MATERIAL BETUMINOSO NA SEGUNDA CAMADA"]
[null,null,"5.2.1.1",41360,"DER/ES","CAP-50/70, fornecimento","T",{"v":21.22,"d":" 21.22 "},{"v":4776.46,"d":" 4,776.46 "},null,{"v":101356.4812,"d":" 101,356.48 "}]
[null,null,"5.2.1.2",40978,"DER/ES","Emulsão RR-1C FLEX (Emulflex RR-1C-E,) fornecimento","T",{"v":2.02,"d":" 2.02 "},{"v":4653.13,"d":" 4,653.13 "},null,{"v":9399.3226,"d":" 9,399.32 "}]
[null,null,"5.2.1.3",40972,"DER/ES","Bonificação de 15,28% sobre Materiais Betuminosos","%",{"v":110755.8038,"d":" 110,755.80 "},{"v":0.1528,"d":" 0.1528 "},null,{"v":16923.48682064,"d":" 16,923.49 "}]
[null,null,"5.2.1.4",60006,"DER/ES","TR-301-00 (Massa Asfáltica) (1,618XP + 1,680XR + 12.448)","T",{"v":363.82,"d":" 363.82 "},{"v":255.14,"d":" 255.14 "},null,{"v":92825.0348,"d":" 92,825.03 "}]
[null,null,"5.2.1.5",100849,"DER/ES","Transporte de material asfaltico (DNIT), inclusive BDI diferenciado (0,602XP + 0,713XR + 64,306) RR 1C-E","T",{"v":2.02,"d":" 2.02 "},{"v":321.96,"d":" 321.96 "},null,{"v":650.3592,"d":" 650.36 "}]
[{"$nulls":5},"SUB TOTAL",{"$nulls":4},{"v":221154.68462064,"d":" 221,154.68 "}]
[]
[null,null,"5.3",null,null,"SERVIÇOS COMPLEMENTARES"]
[null,null,"5.3.1",40895,"DER/ES","Meio fio (remoção e reassentamento), inclusive caiação","M",{"v":17,"d":" 17.00 "},{"v":67.49,"d":" 67.49 "},null,{"v":1147.33,"d":" 1,147.33 "}]
[null,null,"5.3.2",42504,"DER/ES","Remoção e reassentamento de blocos de concreto, inclusive perdas em Vias Urbana","M",{"v":40,"d":" 40.00 "},{"v":73.44,"d":" 73.44 "},null,{"v":2937.6,"d":" 2,937.60 "}]
[null,null,"5.3.3",40258,"DER/ES","Escavação manual em mat. 1ª cat. H= 0,00 a 1,50 m","M3",{"v":1,"d":" 1.00 "},{"v":79.14,"d":" 79.14 "},null,{"v":79.14,"d":" 79.14 "}]
[null,null,"5.3.4",5501912,"SICRO","Escavação car transporte de material 1ª categoria - DMT de 2.500 a 3.000 m - caminho de serviço em revestimento primario com carregadeira e caminhão caçamba 14 m3","M3",{"v":16,"d":" 16.00 "},{"v":12.58,"d":" 12.58 "},{"v":15.51,"d":" 15.51 "},{"v":248.16,"d":" 248.16 "}]
[null,null,"5.3.5",40781,"DER/ES","Base solo brita, 50% em peso, inclusive fornecimento e transporte da brita","M3",{"v":16,"d":" 16.00 "},{"v":95.77,"d":" 95.77 "},null,{"v":1532.32,"d":" 1,532.32 "}]
[null,null,"5.3.6",43349,"DER/ES","Compactação de aterros 100% PI em Vias Urbanas","M3",{"v":16,"d":" 16.00 "},{"v":11.13,"d":" 11.13 "},null,{"v":178.08,"d":" 178.08 "}]
[null,null,"5.3.7",40092,"DER/ES","Reparo de caixa coletora (caixas ralo e caixas boca de lobo)","Ud",{"v":6,"d":" 6.00 "},{"v":400.14,"d":" 400.14 "},null,{"v":2400.84,"d":" 2,400.84 "}]
[null,null,"5.3.8",42047,"DER/ES","Elementos de madeira para sinalização - cavaletes","Ud",{"v":6,"d":" 6.00 "},{"v":42.49,"d":" 42.49 "},null,254.94]
[null,null,"5.3.9",43038,"DER/ES","Pescoço de poço de visita H=0,30m, diâm. = 0,60 m, fornecimento, assentamento e transporte em vias urbanas (levantamento de pocos de visita)","Ud",{"v":19,"d":" 19.00 "},{"v":139.32,"d":" 139.32 "},null,{"v":2647.08,"d":" 2,647.08 "}]
[null,null,"5.3.10",102069,"DER/ES","Limpesa em superficie de concreto com jateamento dágua sob pressão","M2",{"v":5053,"d":" 5,053.00 "},{"v":5.03,"d":" 5.03 "},null,{"v":25416.59,"d":" 25,416.59 "}]
[null,null,"5.3.11",4413942,"SICRO","Espalhamento de material","M3",{"v":16,"d":" 16.00 "},{"v":1.62,"d":" 1.62 "},{"v":1.99,"d":" 1.99 "},{"v":31.84,"d":" 31.84 "}]
[{"$nulls":5},"SUB TOTAL",{"$nulls":4},{"v":36873.92,"d":" 36,873.92 "}]
[]
[]
[{"$nulls":6},"TOTAL GERAL",{"$nulls":3},{"v":3084765.99424464,"d":" 3,084,765.99 "}]
[]
[null,null,"Valor da obra: R$ 3.084.765,99 (três milhões, oitenta e quatro mil, setecentos e sessenta e cinco reais e noventa e nove centavos)"]
[]
[]
[]
[{"$nulls":5},"NEIVALDO FREGONA"]
[{"$nulls":5},"ENGº CIVIL CREA - 4292/D"]

{"sheet":"CRONOG.","index":1,"n_rows":27,"n_cols":12,"rows_kept":27,"merged":[[1,1,1,11],[2,1,2,11],[5,1,5,11],[7,1,7,11],[9,1,9,11],[25,1,25,11],[26,1,26,11]]}
[]
[null,"PREFEITURA MUNICIPAL DE VILA VALÉRIO"]
[null,"ESTADO DO ESPIRITO SANTO"]
[]
[]
[null,"OBRA: CAPEAMENTO ASFÁLTICO - BAIRROS DA SEDE"]
[]
[null,"LOCAL: TRECHOS - 01 BOA VISTA - 02 RAFAEL THOMAS - 03 CONDEVA"]
[]
[null,"CRONOGRAMA FISICO FINANCEIRO"]
[]
[]
[null,"ITEM","DESCRIÇÃO","VALOR (R$)","PESO (%)","1º MÊS LICITAÇÃO","2º MÊS","3º MÊS","4º MÊS","5º MÊS","6º MÊS","7º MÊS"]
[null,1,"ADMINISTRAÇÃO DA OBRA",{"v":153578.28,"d":" 153,578.28 "},{"v":4.97860390375997,"d":"4.98"},null,0.83,0.83,0.83,0.83,0.83,0.83]
[null,2,"CANTEIRO DE OBRA",{"v":52291.91,"d":" 52,291.91 "},{"v":1.69516618665781,"d":"1.70"},null,{"v":1,"d":"1.00"},{"$nulls":4},{"v":0.695166186657809,"d":"0.70"}]
[null,3,"TRECHO 01 - BOA VISTA",{"v":1680316.98,"d":" 1,680,316.98 "},{"v":54.471457006695,"d":"54.47"},null,{"v":14.84,"d":" 14.84 "},{"v":15.84,"d":" 15.84 "},{"v":15.84,"d":" 15.84 "},{"v":7.95145700669502,"d":" 7.95 "}]
[null,4,"TRECHO 02 - RAFAEL THOMAS",{"v":522588.95,"d":" 522,588.95 "},{"v":16.940959271922,"d":"16.94"},{"$nulls":4},{"v":7.89,"d":" 7.89 "},{"v":9.05095927192195,"d":" 9.05 "}]
[null,5,"TRECHO 03 - CONDEVA",{"v":675989.88,"d":" 675,989.88 "},{"v":21.9138139551389,"d":"21.91"},{"$nulls":5},{"v":6.78,"d":" 6.78 "},{"v":15.1338139551389,"d":" 15.13 "}]
[]
[]
[null,null,"SIMPLES",{"$nulls":3},{"v":16.67,"d":" 16.67 "},16.67,16.67,{"v":16.671457006695,"d":" 16.67 "},{"v":16.6609592719219,"d":"16.66"},{"v":16.6589801417968,"d":"16.66"}]
[null,null,"ACUMULADO",{"v":3084765.99,"d":" 3,084,765.99 "},{"v":100.000000324174,"d":"100.00"},null,{"v":16.67,"d":" 16.67 "},33.34,50.01,{"v":66.681457006695,"d":"66.68"},{"v":83.342416278617,"d":"83.34"},{"v":100.001396420414,"d":"100.00"}]
[]
[]
[]
[null,"NEIVALDO FREGONA"]
[null,"ENGº CIVIL - CREA 4292/D"]

{"sheet":"MEM. DESC.","index":2,"n_rows":41,"n_cols":2,"rows_kept":41,"merged":[[0,1,0,7],[1,1,1,7],[4,1,4,7],[6,1,6,7],[8,1,8,7],[10,1,10,7],[12,1,12,7],[13,1,13,7],[14,1,14,7],[15,1,15,7],[16,1,16,7],[17,1,17,7],[18,1,18,7],[19,1,19,7],[20,1,20,7],[22,1,22,7],[23,1,23,7],[24,1,24,7],[25,1,25,7],[26,1,26,7],[27,1,27,7],[28,1,28,7],[29,1,29,7],[30,1,30,7],[31,1,31,7],[32,1,32,7],[33,1,33,7],[34,1,34,7],[35,1,35,7],[39,1,39,7],[40,1,40,7]]}
[null,"PREFEITURA MUNICIPAL DE VILA VALÉRIO"]
[null,"ESTADO DO ESPÍRITO SANTO"]
[]
[]
[null,"MEMORIAL DESCRITIVO"]
[]
[null,"OBRA: CAPEAMENTO ASFALTICO -  BAIRROS - 01 BOA VISTA - 02 RAFAEL THOMAS - 03 CONDEVA NA SEDE DO MUNICIPIO"]
[]
[null,"DESCRIÇÃO"]
[]
[null,"Este memorial descreve os serviços a serem executados na execução do capeamento asfaltico em duas camadas de 3,0 cm cada uma, nos Bairros  01 Boa Vista, 02 Rafael Thomas, 03 Condeva aa sede deste Município."]
[]
[null,"ADMINISTRAÇÃO DA OBRA"]
[null,"Refere-se a taxa de administração da obra referente as despesas com pessoal, administrativo e diversos serviços realizados durante a execução da obra.."]
[null,"As licenças e taxas referentes a obra ficam a cargo da contratada devendo serem retiradas em nome da contratante."]
[]
[null,"CANTEIRO DE OBRA"]
[null,"Instalação de placa de obra conforme modelo da contratante a ser instalada em lugar designado pela fiscalização."]
[null,"Instalação de contêiner para escritório e almoxarifado inclusive desmobilização."]
[null,"Mobilização e desmobilização de equipamentos utilizados na aplicação do concreto asfáltico (CBUQ)."]
[null,"Ensaio de estabilidade de concreto asfáltico (CBUQ)  a ser executada para cada trecho."]
[]
[null,"PRIMEIRA E SEGUNDA CAMADA - SERVIÇOS"]
[null,"Pintura de ligação -  emulsão RR-1C-E. A pintura ligante com emulsão RR-1C-E  com taxa de 0,0004t/m2 aplicado sobre o CM-30 para receber o revestimento em CBUQ."]
[null,"CBUQ - É o revestimento flexível resultante da mistura a quente, em usina apropriada de agregado mineral graduado, material de enchimento (filler) e material betuminoso, espalhada e comprimida a quente. A espessura para esta obra esta assim definida, a primeira camada de regularização com espessura de 3,0 cm e a segunda camada de acabamento com 3,0 cm.."]
[null,"A execução dos serviços de pavimentação asfáltica com CBUQ deverá ser de acordo com as Normas técnicas"]
[null,"Os serviços de fornecimento e transporte dos materiais betuminosos de acodo com os descritos na planilha orçamentaria."]
[null,"Ç"]
[null,"SERVIÇOS COMPLEMENTARES"]
[null,"Nos locais onde o meio fio estiver em desacordo com o alinhamento da Rua deverá ser corrigido"]
[null," Meio fio com fornecimento e assentamento nos locais indicados em planilha e projeto."]
[null,"Nos locais onde o pavimento estiver com defeito (elevação ou depressão) devera ser corrigido para que possa ter uma melhor distribuição do asfalto aplicado"]
[null,"Nos locais onde o pavimento apresentar problemas na base com excesso de umidade com comportamento elástico conhecido como BORRACHUDO, deverá ser corrigido, com a retirada dos materiais inadequados (escavação com media de 0,40 m de profundidade)e substituídos com solo brita compactado."]
[null,"Os poços de visita, caixas secas e caixas ralos deverão serem levantadas para nivelar com o pavimento a ser aplicado, no intuito de evitar que se instale no local um depressão do tampão de ferro fundido e das grelhas de captação de águas pluviais."]
[null,"Limpeza das Ruas a serem pavimentadas co CBUQ com varreduras ou lavagem com carro pipa com finalidade de retirada de areia, terra ou outros materiais."]
[null,"Espalhamento de materiais proveniente das escavações e limpeza das ruas a serem pavimentadas co CBUQ."]
[]
[]
[]
[null,"NEIVALDO FREGONA"]
[null,"ENGº CIVIL - CREA 4292/D"]

{"sheet":"MEM. CALC","index":3,"n_rows":376,"n_cols":14,"rows_kept":376,"merged":[[0,1,0,10],[2,1,2,10],[4,1,4,9],[6,1,6,10],[9,1,9,10],[10,1,10,10],[11,1,11,10],[13,1,13,6],[20,1,20,6],[22,1,22,2],[23,1,23,2],[25,1,25,6],[26,1,26,2],[27,1,27,2],[29,4,29,5],[31,1,31,10],[32,1,32,10],[33,1,33,10],[34,1,34,6],[35,1,35,10],[36,1,36,10],[37,1,37,10],[39,1,39,10],[40,1,40,9],[41,1,41,10],[42,1,42,10],[43,1,43,9],[44,1,44,10],[45,1,45,10],[46,1,46,10],[47,1,47,10],[48,1,48,10],[49,1,49,10],[51,1,51,10],[52,1,52,9],[53,1,53,10],[54,1,54,10],[56,1,56,10],[57,1,57,10],[58,1,58,10],[59,1,59,10],[60,1,60,10],[61,1,61,10],[62,1,62,10],[63,1,63,10],[64,1,64,10],[65,1,65,10],[66,1,66,10],[67,1,67,10],[68,1,68,10],[69,1,69,10],[70,1,70,10],[71,1,71,10],[72,1,72,10],[73,1,73,10],[75,1,75,10],[76,1,76,10],[77,1,77,10],[78,1,78,10],[79,1,79,10],[80,1,80,10],[81,1,81,10],[82,1,82,10],[83,1,83,10],[84,1,84,10],[85,1,85,10],[86,1,86,10],[87,1,87,10],[88,1,88,10],[89,1,89,9],[90,1,90,10],[91,1,91,10],[92,1,92,10],[93,1,93,10],[94,1,94,10],[95,1,95,10],[96,1,96,10],[97,1,97,10],[98,1,98,10],[99,1,99,10],[100,1,100,10],[101,1,101,10],[102,1,102,10],[103,1,103,10],[105,1,105,10],[106,1,106,10],[107,1,107,10],[108,1,108,10],[109,1,109,10],[110,1,110,10],[111,1,111,10],[112,1,112,10],[113,1,113,10],[114,1,114,10],[115,1,115,10],[116,1,116,10],[117,1,117,10],[118,1,118,10],[119,1,119,10],[120,1,120,10],[121,1,121,10],[122,1,122,10],[123,1,123,10],[124,1,124,10],[125,1,125,10],[126,1,126,10],[128,1,128,10],[129,1,129,10],[130,1,130,10],[131,1,131,10],[132,1,132,10],[133,1,133,10],[134,1,134,10],[135,1,135,10],[136,1,136,10],[137,1,137,9],[138,1,138,10],[140,1,140,10],[141,1,141,10],[142,1,142,10],[143,1,143,10],[144,1,144,10],[145,1,145,10],[146,1,146,10],[148,1,148,10],[149,1,149,9],[150,1,150,10],[152,1,152,10],[153,1,153,10],[155,1,155,10],[156,1,156,10],[158,1,158,10],[159,1,159,10],[160,1,160,10],[161,1,161,10],[162,1,162,10],[163,1,163,10],[164,1,164,10],[165,1,165,10],[166,1,166,10],[167,1,167,10],[168,1,168,10],[169,1,169,10],[170,1,170,10],[171,1,171,10],[172,1,172,10],[173,1,173,10],[174,1,174,10],[175,1,175,10],[176,1,176,10],[177,1,177,10],[179,1,179,10],[180,1,180,10],[181,1,181,10],[182,1,182,10],[183,1,183,10],[184,1,184,10],[185,1,185,10],[186,1,186,10],[187,1,187,10],[188,1,188,10],[189,1,189,10],[190,1,190,10],[191,1,191,10],[192,1,192,10],[193,1,193,10],[194,1,194,9],[195,1,195,10],[196,1,196,10],[197,1,197,10],[198,1,198,10],[199,1,199,10],[200,1,200,10],[201,1,201,10],[202,1,202,10],[203,1,203,10],[204,1,204,10],[205,1,205,10],[206,1,206,10],[207,1,207,10],[208,1,208,10],[209,1,209,10],[210,1,210,10],[211,1,211,10],[212,1,212,10],[213,1,213,10],[214,1,214,10],[215,1,215,10],[216,1,216,10],[217,1,217,10],[218,1,218,10],[219,1,219,10],[220,1,220,10],[221,1,221,10],[222,1,222,10],[223,1,223,10],[224,1,224,10],[225,1,225,10],[226,1,226,10],[227,1,227,10],[228,1,228,10],[229,1,229,10],[230,1,230,9],[231,1,231,10],[232,1,232,10],[233,1,233,10],[235,1,235,10],[236,1,236,10],[237,1,237,10],[238,1,238,10],[239,1,239,10],[240,1,240,10],[241,1,241,10],[242,1,242,10],[243,1,243,10],[244,1,244,9],[245,1,245,10],[246,1,246,10],[247,1,247,10],[248,1,248,10],[249,1,249,10],[250,1,250,10],[251,1,251,10],[252,1,252,10],[253,1,253,10],[255,1,255,10],[256,1,256,9],[257,1,257,10],[259,1,259,10],[260,1,260,10],[262,1,262,10],[263,1,263,10],[264,1,264,10],[265,1,265,10],[266,1,266,10],[267,1,267,10],[268,1,268,10],[269,1,269,10],[270,1,270,10],[271,1,271,10],[272,1,272,10],[273,1,273,10],[274,1,274,10],[275,1,275,10],[276,1,276,10],[277,1,277,10],[278,1,278,10],[279,1,279,10],[280,1,280,10],[281,1,281,10],[282,1,282,10],[283,1,283,10],[284,1,284,10],[286,1,286,10],[287,1,287,10],[288,1,288,10],[289,1,289,10],[290,1,290,10],[291,1,291,10],[292,1,292,10],[293,1,293,10],[294,1,294,10],[295,1,295,10],[296,1,296,10],[297,1,297,10],[298,1,298,10],[299,1,299,10],[300,1,300,10],[301,1,301,10],[302,1,302,10],[303,1,303,10],[304,1,304,10],[305,1,305,10],[306,1,306,10],[307,1,307,10],[308,1,308,10],[309,1,309,10],[310,1,310,10],[311,1,311,10],[312,1,312,10],[313,1,313,10],[314,1,314,10],[315,1,315,10],[316,1,316,10],[317,1,317,10],[318,1,318,10],[319,1,319,10],[321,1,321,10],[322,1,322,10],[323,1,323,10],[324,1,324,10],[325,1,325,10],[326,1,326,10],[327,1,327,10],[328,1,328,10],[329,1,329,10],[330,1,330,10],[331,1,331,10],[332,1,332,10],[333,1,333,10],[334,1,334,10],[335,1,335,10],[336,1,336,10],[337,1,337,10],[338,1,338,10],[340,1,340,10],[341,1,341,10],[342,1,342,10],[343,1,343,10],[344,1,344,10],[345,1,345,10],[346,1,346,10],[347,1,347,10],[348,1,348,10],[349,1,349,9],[350,1,350,10],[352,1,352,10],[353,1,353,10],[354,1,354,10],[355,1,355,10],[356,1,356,10],[357,1,357,10],[358,1,358,10],[360,1,360,10],[361,1,361,9],[362,1,362,10],[364,1,364,10],[365,1,365,10],[367,1,367,10],[368,1,368,10],[369,1,369,10],[374,1,374,10],[375,1,375,10]]}
[null,"MEMÓRIA DE CÁLCULO"]
[]
[null,"OBRA: CAPEAMENTO ASFÁLTICO - BAIRROS - 01 BOA VISTA - 02 RAFAEL THOMAS - 03 CONDEVA  NA SEDE DO MUNICÍPIO"]
[]
[null,"OS CÁLCULOS SÃO REFERENTES A CADA ITEM"]
[]
[null,"ITEM - 1.1 - ADMINISTRAÇÃO DA OBRA"]
[]
[]
[null,"REFERÊNCIA PARA COMPOSIÇÃO DOS SERVIÇOS - TABELA DA SICRO – JULHO/2022"]
[]
[null,"COMPOSIÇÃO Nº 01"]
[]
[null,"PESSOAL"]
[null,"CÓDIGO","DESCRIÇÃO","UNID","QUANT","SALÁRIO","TOTAL"]
[null,"P9801","AJUDANTE","H",{"v":1320,"d":"1,320.00"},6.7159,{"v":8864.988,"d":"8,864.99"}]
[null,"P9803","ALMOXARIFE","MÊS",{"v":6,"d":" 6.00 "},{"v":2756.6,"d":"2,756.60"},{"v":16539.6,"d":"16,539.60"}]
[null,"P9812","ENGENHEIRO","MÊS",{"v":6,"d":" 6.00 "},{"v":12529.0246,"d":"12,529.02"},{"v":75174.1476,"d":"75,174.15"}]
[null,"P9870","MOT. DE VEICULO","H",{"v":1320,"d":" 1,320.00 "},8.9452,{"v":11807.664,"d":"11,807.66"}]
[]
[null,"DESPESAS ADMINISTRATIVAS"]
[null,null,"DESCRIÇÃO","UNID","QUANT","SALÁRIO","TOTAL"]
[null,"ENERGIA E ÁGUA",null,"MÊS",{"v":6,"d":" 6.00 "},{"v":350,"d":" 350.00 "},{"v":2100,"d":" 2,100.00 "}]
[null,"MATERIAL DE ESCRITÓRIO",null,"MÊS",{"v":6,"d":" 6.00 "},{"v":175,"d":" 175.00 "},{"v":1050,"d":" 1,050.00 "}]
[]
[null,"DIVERSOS"]
[null,"DESCRIÇÃO",null,"UNID","QUANT","SALÁRIO","TOTAL"]
[null,"OUTROS",null,"MÊS",{"v":6,"d":" 6.00 "},{"v":1500,"d":" 1,500.00 "},{"v":9000,"d":" 9,000.00 "}]
[]
[{"$nulls":4},"TOTAL GERAL",null,{"v":124536.3996,"d":" 124,536.40 "}]
[]
[null,"TAXA DE ADMINISTRAÇÃO = (ADM. DA OBRA)/ (VALOR DA OBRA)"]
[null,"ADM. DA OBRA = R$ 124.536,40"]
[null,"VALOR DA OBRA = R$ 3.084.765,99"]
[null,"TAXA DE ADM. = (124.536,40)/(3.084.765,99) = 4,037 %"]
[]
[null,"ITEM - 2.1"]
[null,"A= 3,0 X 6,0 = 18,00 m2"]
[]
[null,"ITEM - 2.2"]
[null,"Mês - 06 - prazo de execução de cada trecho"]
[]
[null,"ITEM - 2.3"]
[null,"Mês - 06 - prazo de execução de cada trecho"]
[]
[null,"ITEM - 2.4"]
[null,"Unid = 02 contêiner (escritório e almoxarifado)"]
[]
[null,"ITEM - 2.5"]
[null,"H = (24,00 hs x 2,0 (dias) = 48,00 hs"]
[]
[null,"ITEM - 2.6"]
[null,"Unid = 3,0 (um ensaio para cada trecho)"]
[]
[null,"3                                                               TRECHO 01 - BOA VISTA"]
[]
[null,"3.1 -                                                               PRIMEIRA CAMADA"]
[]
[null,"ITEM - 3.1.1- Pintura de ligação"]
[null,"A = Área pavimentada do trecho = 12.454,00 m2"]
[]
[null,"ITEM - 3.1.2- CBUQ"]
[null,"T = (áreas das ruas a serem pavimentadas conforme projeto) x (espessura da pavimento = 3,00 cm) x (o peso especifico do CBUQ = 2,4 t/m3)"]
[null,"T = (12.454,00 0,03 X 2,4) = 896,69 t"]
[]
[null,"ITEM - 3.1. 3 – Transporte – CAP"]
[null,"XP = Distância da refinaria de Betim (MG) em estradas pavimentadas até João Neiva (ES) = 599,00 KM"]
[null,"XR = Distância da refinaria de Betim (MG) em estradas não pavimentadas (terra) até João Neiva (ES) = 0,00 KM"]
[null,"T = (0,602XP + 0,713XR + 64,306) = (0,602 X 599,00 +  64,306) = 424,90"]
[]
[]
[null,"ITEM - 3.1.1.1 - CAP 50/70"]
[null,"A = (Área pavimentada X espessura) X (taxa de CAP 50/70 t/m3 = 0,1400T/M3)"]
[null,"A = 12.454,00 X 0,03 X 0,1400 = 52,31 t"]
[]
[null,"ITEM - 3.1.1.2 - Emulsão RR-1C-E"]
[null,"A = (Área pavimentada) X (taxa de RR-1C-E = 0,0004t/m2)"]
[null,"A = 12.454,00 X 0,0004 = 4,98 t"]
[]
[null,"ITEM - 3.1.1.3 - Bonificação",{"$nulls":11},"                             "]
[null," (CAP 50/70 + RR-1C-E)"]
[]
[null,"ITEM – 3.1.1.4 - TR-301-00 (massa asfáltica) – referencial janeiro 2022"]
[null,"Distancia entre a usina de João Neiva (ES) até Vila Valério(ES) por rodovia pavimentada = 150,00 km"]
[null,"T = (1,618 XP + 1,680 XR  + 12,448) = (1,618 X 150,00 + 1,680 X 0 + 12,488) = 255,14"]
[]
[null,"ITEM – 3.1.1.5 - Transporte RR 1C-E"]
[null," Distância da refinaria de Betim (MG) em estradas pavimentadas até Vila Valério (ES) = 428,00 KM"]
[null,"T= (0,602XP + 0,713XR + 64,306) = (0,602X428 + 0,00 + 64,306)= 321,96"]
[]
[null,"3.2                                                            SEGUNDA CAMADA"]
[]
[null,"ITEM - 3.2.1 - Pintura de ligação"]
[null,"A = Área pavimentada do trecho = 12.454,00 m2"]
[]
[null,"ITEM - 3.2.2 - CBUQ"]
[null,"T = (áreas das ruas a serem pavimentadas conforme projeto) x (espessura da pavimento = 3,00 cm) x (o peso especifico do CBUQ = 2,4 t/m3)"]
[null,"T = (12.454,00 0,03 X 2,4) = 896,69 t"]
[]
[null,"ITEM - 3.2.3- Transporte – CAP"]
[null,"XP = Distância da refinaria de Betim (MG) em estradas pavimentadas até João Neiva (ES) = 599,00 KM"]
[null,"XR = Distância da refinaria de Betim (MG) em estradas não pavimentadas (terra) até João Neiva (ES) = 0,00 KM"]
[null,"T = (0,602XP + 0,713XR + 64,306) = (0,602 X 599,00 +  64,306) = 424,90"]
[]
[]
[null,"ITEM - 3.2.1.1- CAP 50/70"]
[null,"A = (Área pavimentada X espessura) X (taxa de CAP 50/70 t/m3 = 0,1400T/M3)"]
[null,"A = 12.454,00 X 0,03 X 0,1400 = 52,31 t"]
[]
[null,"ITEM - 3.2.1.2 - Emulsão RR-1C-E"]
[null,"A = (Área pavimentada) X (taxa de RR-1C-E = 0,0004t/m2)"]
[null,"A = 12.454,00 X 0,0004 = 4,98 t"]
[]
[null,"ITEM - 3.2.1.3 - Bonificação"]
[null," (CAP 50/70 + RR-1C-E)"]
[]
[null,"ITEM – 3.2.1.4 - TR-301-00 (massa asfáltica) – referencial janeiro 2022"]
[null,"Distancia entre a usina de João Neiva (ES) até Vila Valério(ES) por rodovia pavimentada = 150,00 km"]
[null,"T = (1,618 XP + 1,680 XR  + 12,448) = (1,618 X 150,00 + 1,680 X 0 + 12,488) = 255,14"]
[]
[null,"ITEM – 3.2.1.5 - Transporte RR 1C-E"]
[null," Distância da refinaria de Betim (MG) em estradas pavimentadas até Vila Valério (ES) = 428,00 KM"]
[null,"T= (0,602XP + 0,713XR + 64,306) = (0,602X428 + 0,00 + 64,306)= 321,96"]
[]
[null,"3.3                                          SERVIÇOS COMPLEMENTARES"]
[null,"ITEM 3.3.1 - Meio fio"]
[null,"M = 55,00 m"]
[]
[null,"ITEM 3.3.2 - Retirada"]
[null,"A = 320,00 m2"]
[]
[null,"ITEM 3.3.3 - Escavação manual"]
[null,"V = 2,00 m3"]
[]
[null,"ITEM 3.3.4 - Escavação mecânica"]
[null,"V = 85,00 (área m2) x 0,40 (profundidade) = 34,00 m3"]
[]
[null,"ITEM 3.3.5 -"]
[null,"V= (solo brita) = (vol. Esc.) = 34,00 m3"]
[]
[null,"ITEM 3.3.6 -"]
[null,"V = (compactação) = vol. Escav. = 34,00 m3"]
[]
[null,"ITEM  3.3.7"]
[null,"Q = (reparo de caixa) = 13 unid"]
[]
[null,"ITEM 3.3.8"]
[null,"Q = (cavalete) = 6,0 unid"]
[]
[null,"ITEM 3.3.9"]
[null,"Q = (pescoço de pv) = 38 unid"]
[]
[null,"ITEM 3.3.10"]
[null,"A =(limpeza da área a ser pavimentada) = 12.454,00 m2"]
[]
[null,"ITEM 3.3.11"]
[null,"V = (compactação) = vol. Escav. = 34,00 m3"]
[]
[null,"4                                                          TRECHO 02 - RAFAEL THOMAS"]
[null,"]"]
[null,"4.1 -                                                               PRIMEIRA CAMADA"]
[]
[null,"ITEM - 4.1.1 - Pintura de ligação"]
[null,"A = Área pavimentada do trecho = 3.815,00 m2"]
[]
[null,"ITEM - 4.1.2 - CBUQ"]
[null,"T = (áreas das ruas a serem pavimentadas conforme projeto) x (espessura da pavimento = 3,00 cm) x (o peso especifico do CBUQ = 2,4 t/m3)"]
[null,"T = (3.815,00 0,03 X 2,4) = 274,68 t"]
[]
[null,"ITEM - 4.1. 3 - Transporte"]
[null,"XP = Distância da refinaria de Betim (MG) em estradas pavimentadas até João Neiva (ES) = 599,00 KM"]
[null,"XR = Distância da refinaria de Betim (MG) em estradas não pavimentadas (terra) até João Neiva (ES) = 0,00 KM"]
[null,"T = (0,602XP + 0,713XR + 64,306) = (0,602 X 599,00 +  64,306) = 424,90"]
[]
[]
[null,"ITEM - 4.1.1.1 - CAP 50/70"]
[null,"A = (Área pavimentada X espessura) X (taxa de CAP 50/70 t/m3 = 0,1400T/M3)"]
[null,"A = 3.815,00 X 0,03 X 0,1400 = 16,02 t"]
[]
[null,"ITEM - 4.1.1.2 - Emulsão RR-1C-E"]
[null,"A = (Área pavimentada) X (taxa de RR-1C-E = 0,0004t/m2)"]
[null,"A = 3.815,00 X 0,0004 = 1,53 t"]
[]
[null,"ITEM - 4.1.1.3 - Bonificação"]
[null,"( CAP 50/70 + RR-1C-E)"]
[]
[null,"ITEM – 4.1.1.4 - TR-301-00 (massa asfáltica) – referencial janeiro 2022"]
[null,"Distancia entre a usina de João Neiva (ES) até Vila Valério(ES) por rodovia pavimentada = 150,00 km"]
[null,"T = (1,618 XP + 1,680 XR  + 12,448) = (1,618 X 150,00 + 1,680 X 0 + 12,488) = 255,14"]
[]
[null,"ITEM – 4.1.1.5 - Transporte RR 1C-E"]
[null," Distância da refinaria de Betim (MG) em estradas pavimentadas até Vila Valério (ES) = 428,00 KM"]
[null,"T= (0,602XP + 0,713XR + 64,306) = (0,602X428 + 0,00 + 64,306)= 321,96"]
[]
[]
[null,"4.2 -                                                              SEGUNDA CAMADA"]
[]
[]
[null,"ITEM - 4.2.1 - Pintura de ligação"]
[null,"A = Área pavimentada do trecho = 3.815,00 m2"]
[]
[null,"ITEM - 4.2.2 - CBUQ"]
[null,"T = (áreas das ruas a serem pavimentadas conforme projeto) x (espessura da pavimento = 3,00 cm) x (o peso especifico do CBUQ = 2,4 t/m3)"]
[null,"T = (3.815,00 0,03 X 2,4) = 274,68 t"]
[null,"                                                       "]
[null,"ITEM - 4.2. 3 - Transporte"]
[null,"XP = Distância da refinaria de Betim (MG) em estradas pavimentadas até João Neiva (ES) = 599,00 KM"]
[null,"XR = Distância da refinaria de Betim (MG) em estradas não pavimentadas (terra) até João Neiva (ES) = 0,00 KM"]
[null,"T = (0,602XP + 0,713XR + 64,306) = (0,602 X 599,00 +  64,306) = 424,90"]
[]
[]
[null,"ITEM - 4.2.1.1 - CAP 50/70"]
[null,"A = (Área pavimentada X espessura) X (taxa de CAP 50/70 t/m3 = 0,1400T/M3)"]
[null,"A = 3.815,00 X 0,03 X 0,1400 = 16,02 t"]
[]
[null,"ITEM - 4.2.1.2 - Emulsão RR-1C-E"]
[null,"A = (Área pavimentada) X (taxa de RR-1C-E = 0,0004t/m2)"]
[null,"A = 3.815,00 X 0,0004 = 1,53 t"]
[]
[null,"ITEM - 4.2.1.3 - Bonificação"]
[null,"( CAP 50/70 + RR-1C-E)"]
[]
[null,"ITEM – 4.2.1.4 - TR-301-00 (massa asfáltica) – referencial janeiro 2022"]
[null,"Distancia entre a usina de João Neiva (ES) até Vila Valério(ES) por rodovia pavimentada = 150,00 km"]
[null,"T = (1,618 XP + 1,680 XR  + 12,448) = (1,618 X 150,00 + 1,680 X 0 + 12,488) = 255,14"]
[]
[null,"ITEM – 4.2.1.5 - Transporte RR 1C-E"]
[null," Distância da refinaria de Betim (MG) em estradas pavimentadas até Vila Valério (ES) = 428,00 KM"]
[null,"T= (0,602XP + 0,713XR + 64,306) = (0,602X428 + 0,00 + 64,306)= 321,96"]
[]
[null,"4.3                                          SERVIÇOS COMPLEMENTARES"]
[]
[null,"ITEM 4.3.1 - Meio fio"]
[null,"M = 30,00 m"]
[]
[null,"ITEM 4.3.2 - Retirada"]
[null,"A = 120,00 m2"]
[]
[null,"ITEM 4.3.3 - Escavação manual"]
[null,"V = 2,50 m3"]
[]
[null,"ITEM 4.3.4 - Escavação mecânica"]
[null,"V = 12,00 (área m2) x 0,40 (profundidade) = 48,00 m3"]
[]
[null,"ITEM 4.3.5 -"]
[null,"V= (solo brita) = (vol. Esc.) = 48,00 m3"]
[]
[null,"ITEM 4.3.6 -"]
[null,"V = (compactação) = vol. Escav. = 48,00 m3"]
[]
[null,"ITEM  4.3.7"]
[null,"Q = (reparo de caixa) = 5 unid"]
[]
[null,"ITEM 4.3.8"]
[null,"Q = (cavalete) = 6,0 unid"]
[]
[null,"ITEM 4.3.9"]
[null,"Q = (pescoço de pv) = 12 unid"]
[]
[null,"ITEM 3.3.10"]
[null,"A =(limpeza da área a ser pavimentada) = 3.815,00 m2"]
[]
[null,"ITEM 3.3.11"]
[null,"V = (compactação) = vol. Escav. = 48,00 m3"]
[]
[null,"5                                                          TRECHO 03 - CONDEVA"]
[]
[null,"4.1 -                                                               PRIMEIRA CAMADA"]
[]
[null,"ITEM - 5.1.1 - Pintura de ligação"]
[null,"A = Área pavimentada do trecho = 5.053,00 m2"]
[]
[null,"ITEM - 5.1.2 - CBUQ"]
[null,"T = (áreas das ruas a serem pavimentadas conforme projeto) x (espessura da pavimento = 3,00 cm) x (o peso especifico do CBUQ = 2,4 t/m3)"]
[null,"T = (5.053,00 X 0,03 X 2,4) = 363,82 t"]
[]
[null,"ITEM - 5.1. 3 – Transporte – CAP"]
[null,"XP = Distância da refinaria de Betim (MG) em estradas pavimentadas até João Neiva (ES) = 599,00 KM"]
[null,"XR = Distância da refinaria de Betim (MG) em estradas não pavimentadas (terra) até João Neiva (ES) = 0,00 KM"]
[null,"T = (0,602XP + 0,713XR + 64,306) = (0,602 X 599,00 +  64,306) = 424,90"]
[]
[]
[null,"ITEM - 5.1.1.1 - CAP 50/70"]
[null,"A = (Área pavimentada X espessura) X (taxa de CAP 50/70 t/m3 = 0,1400T/M3)"]
[null,"A = 5.053,00 X 0,03 X 0,1400 = 21,22 t"]
[]
[null,"ITEM - 5.1.1.2 - Emulsão RR-1C-E"]
[null,"A = (Área pavimentada) X (taxa de RR-1C-E = 0,0004t/m2)"]
[null,"A = 5.053,00 X 0,0004 = 2,02 t"]
[]
[null,"ITEM - 5.1.1.3 - Bonificação"]
[null,"( CAP 50/70 + RR-1C-E)"]
[]
[null,"ITEM – 5.1.1.4 - TR-301-00 (massa asfáltica) – referencial janeiro 2022"]
[null,"Distancia entre a usina de João Neiva (ES) até Vila Valério(ES) por rodovia pavimentada = 150,00 km"]
[null,"T = (1,618 XP + 1,680 XR  + 12,448) = (1,618 X 150,00 + 1,680 X 0 + 12,488) = 255,14"]
[]
[null,"ITEM – 5.1.1.5 - Transporte RR 1C-E"]
[null," Distância da refinaria de Betim (MG) em estradas pavimentadas até Vila Valério (ES) = 428,00 KM"]
[null,"T= (0,602XP + 0,713XR + 64,306) = (0,602X428 + 0,00 + 64,306)= 321,96"]
[]
[null,"5.2 -                                                              SEGUNDA CAMADA"]
[]
[]
[null,"ITEM - 5.2.1 - Pintura de ligação"]
[null,"A = Área pavimentada do trecho = 5.053,00 m2"]
[]
[null,"ITEM - 5.2.2 - CBUQ"]
[null,"T = (áreas das ruas a serem pavimentadas conforme projeto) x (espessura da pavimento = 3,00 cm) x (o peso especifico do CBUQ = 2,4 t/m3)"]
[null,"T = (5.053,00 X 0,03 X 2,4) = 363,82 t"]
[]
[null,"ITEM - 5.2. 3 – Transporte – CAP"]
[null,"XP = Distância da refinaria de Betim (MG) em estradas pavimentadas até João Neiva (ES) = 599,00 KM"]
[null,"XR = Distância da refinaria de Betim (MG) em estradas não pavimentadas (terra) até João Neiva (ES) = 0,00 KM"]
[null,"T = (0,602XP + 0,713XR + 64,306) = (0,602 X 599,00 +  64,306) = 424,90"]
[]
[]
[null,"ITEM - 5.2.1.1 - CAP 50/70"]
[null,"A = (Área pavimentada X espessura) X (taxa de CAP 50/70 t/m3 = 0,1400T/M3)"]
[null,"A = 5.053,00 X 0,03 X 0,1400 = 21,22 t"]
[]
[null,"ITEM - 5.2.1.2 - Emulsão RR-1C-E"]
[null,"A = (Área pavimentada) X (taxa de RR-1C-E = 0,0004t/m2)"]
[null,"A = 5.053,00 X 0,0004 = 2,02 t"]
[]
[null,"ITEM - 5.2.1.3 - Bonificação"]
[null,"( CAP 50/70 + RR-1C-E)"]
[]
[null,"ITEM – 5.2.1.4 - TR-301-00 (massa asfáltica) – referencial janeiro 2022"]
[null,"Distancia entre a usina de João Neiva (ES) até Vila Valério(ES) por rodovia pavimentada = 150,00 km"]
[null,"T = (1,618 XP + 1,680 XR  + 12,448) = (1,618 X 150,00 + 1,680 X 0 + 12,488) = 255,14"]
[]
[null,"ITEM – 5.2.1.5 - Transporte RR 1C-E"]
[null," Distância da refinaria de Betim (MG) em estradas pavimentadas até Vila Valério (ES) = 428,00 KM"]
[null,"T= (0,602XP + 0,713XR + 64,306) = (0,602X428 + 0,00 + 64,306)= 321,96"]
[]
[null,"5.3                                          SERVIÇOS COMPLEMENTARES"]
[null,"ITEM 5.3.1 - Meio fio"]
[null,"M = 17,00 m"]
[]
[null,"ITEM 5.3.2 - Retirada"]
[null,"A = 40,00 m2"]
[]
[null,"ITEM 5.3.3 - Escavação manual"]
[null,"V = 1,00 m3"]
[]
[null,"ITEM 5.3.4 - Escavação mecânica"]
[null,"V = 40,00 (área m2) x 0,40 (profundidade) = 16,00 m3"]
[]
[null,"ITEM 5.3.5 -"]
[null,"V= (solo brita) = (vol. Esc.) = 16,00 m3"]
[]
[null,"ITEM 5.3.6 -"]
[null,"V = (compactação) = vol. Escav. = 16,00 m3"]
[]
[null,"ITEM  5.3.7"]
[null,"Q = (reparo de caixa) = 6 unid"]
[]
[null,"ITEM 5.3.8"]
[null,"Q = (cavalete) = 6,0 unid"]
[]
[null,"ITEM 5.3.9"]
[null,"Q = (pescoço de pv) = 19 unid"]
[]
[null,"ITEM 5.3.10"]
[null,"A =(limpeza da área a ser pavimentada) = 5,053,00 m2"]
[]
[null,"ITEM 5.3.11"]
[null,"V = (compactação) = vol. Escav. = 16,00 m3"]
[]
[]
[]
[]
[]
[null,"NEIVALDO FREGONA"]
[null,"ENGº CIVIL - CRE 4292/D"]